00622nam a2200121Ia 4500008004100000082001500041100003500056245011700091260005200208365000600260630011700266730011700383100415s9999 xx 000 0 und d b21669a594 aGOVT. OF INDIA. MINISTRY OF EN aIdentification manual cum practical field guide to Molusca (Listed in Schedules of Wildlife Protection Act 1972) aNEW DELHIc2005bMINISTRY OF ENVIRONMENT & FORE b1 aIdentification manual cum practical field guide to Molusca (Listed in Schedules of Wildlife Protection Act 1972) aIdentification manual cum practical field guide to Molusca (Listed in Schedules of Wildlife Protection Act 1972)